000 01264nam a2200337Ia 4500
001 ebr10246371
003 CaPaEBR
006 m u
007 cr cn|||||||||
008 080326s2008 mau sb 001 0 eng d
010 _z 2008014027
020 _z0262220830
020 _z9780262220835
040 _aCaPaEBR
_cCaPaEBR
035 _a(OCoLC)646761853
050 1 4 _aQC879.8
_b.V65 2008eb
082 0 4 _a363.738/74
_222
100 1 _aVolk, Tyler.
245 1 0 _aCOb2s rising
_h[electronic resource] :
_bthe world's greatest environmental challenge /
_cTyler Volk.
246 3 _aCO2 rising
260 _aCambridge, MA :
_bMIT Press,
_cc2008.
300 _axvi, 223 p.
504 _aIncludes bibliographical references and index.
533 _aElectronic reproduction.
_bPalo Alto, Calif. :
_cebrary,
_d2009.
_nAvailable via World Wide Web.
_nAccess may be limited to ebrary affiliated libraries.
650 0 _aAtmospheric carbon dioxide
_xEnvironmental aspects.
650 0 _aCarbon cycle (Biogeochemistry)
650 0 _aCarbon dioxide.
655 7 _aElectronic books.
_2local
710 2 _aebrary, Inc.
856 4 0 _uhttp://site.ebrary.com/lib/rucke/Doc?id=10246371
_zAn electronic book accessible through the World Wide Web; click to view
999 _c36214
_d36214